000 01389cam a22001934a 4500
005 20250605164339.0
008 250528s ||||||||||||||||||||||||d
035 _a23541
040 _aGR-AtMCL
_bgre
_dGR-AtMCL
_eAACR2
245 1 _aSecure Password Authentication Procedure Utilizing Vectored Passwoed List in Safe Repository/University of Derby: School of Informatics
260 _c2019
300 _a42
520 _aAbstract, Acknowledgements, Introduction, Related Work, Historical Background, Smart Card, Lightweight Directory Access Control, Active Directory, Kerberos, Literature Review, Smart Card, Lightweight Directory Access Protocol, Naming Model, Information Model, Functional Model, Security Model, Active Directory, Kerberos, Security Features and Threats, Security Over LDAP, Bind Operation, Unbind Operation, Threats over LDAP, Kerberos' Security Features and Threats, Kerberos Password Handling, Threats against Kerberos, Main in the Middle Attack, Dictionary - Brute Force Attack, Advanced Persistent Threat, Social Engineering, Overview of the Proposed Solution, Implementation, LDAP, Active Dictionary, Limitations, Eliminated Threats, Discussion, Future Work, Conclusion, Bibliography, Appendices, List of Abbreviations.
700 1 _aPikrammenos Ioannis A
_99116
700 1 _aTolis Panagiotis
_99117
942 _cDS
999 _c8542
_d8542